Sabdako ainama mahabhukampa 2072. (Record no. 106841)
[ view plain ]
| 000 -LEADER | |
|---|---|
| fixed length control field | 00468nam a22001577a 4500 |
| 008 - FIXED-LENGTH DATA ELEMENTS--GENERAL INFORMATION | |
| fixed length control field | 230117b |||||||| |||| 00| 0 eng d |
| 020 ## - INTERNATIONAL STANDARD BOOK NUMBER | |
| International Standard Book Number | 9789937593731 |
| 082 ## - DEWEY DECIMAL CLASSIFICATION NUMBER | |
| Classification number | N895.51408/K524s |
| 100 ## - MAIN ENTRY--PERSONAL NAME | |
| Personal name | Kafle, Gandhi Raj. |
| 245 ## - TITLE STATEMENT | |
| Title | Sabdako ainama mahabhukampa 2072. |
| Remainder of title | (nibandha sangraha). |
| 260 ## - PUBLICATION, DISTRIBUTION, ETC. | |
| Place of publication, distribution, etc. | Kathmandu: |
| Name of publisher, distributor, etc. | Oriental Prakashan Griha, |
| Date of publication, distribution, etc. | 2073BS. |
| 300 ## - PHYSICAL DESCRIPTION | |
| Other physical details | v, 121p. |
| 650 ## - SUBJECT ADDED ENTRY--TOPICAL TERM | |
| Topical term or geographic name entry element | Nepali literature |
| 650 ## - SUBJECT ADDED ENTRY--TOPICAL TERM | |
| Topical term or geographic name entry element | Nepali essay collection. |
| 942 ## - ADDED ENTRY ELEMENTS (KOHA) | |
| Source of classification or shelving scheme | Dewey Decimal Classification |
| Koha item type | General Collections |
| Withdrawn status | Lost status | Source of classification or shelving scheme | Damaged status | Not for loan | Home library | Current library | Shelving location | Date acquired | Total Checkouts | Full call number | Barcode | Date last seen | Price effective from | Koha item type |
|---|---|---|---|---|---|---|---|---|---|---|---|---|---|---|
| Dewey Decimal Classification | Tribhuvan University Central Library | Tribhuvan University Central Library | New Building | 01/17/2023 | N895.51408/K524s | G89088 | 01/17/2023 | 01/17/2023 | General Collections | |||||
| Dewey Decimal Classification | Tribhuvan University Central Library | Tribhuvan University Central Library | New Building | 05/26/2023 | N895.51408/K524s | 155158 | 05/26/2023 | 05/26/2023 | General Collections | |||||
| Dewey Decimal Classification | Tribhuvan University Central Library | Tribhuvan University Central Library | New Building | 05/26/2023 | N895.51408/K524s | 155157 | 05/26/2023 | 05/26/2023 | General Collections |
